Datum a čas kvízu
35
Celkem bodů
Celkový počet nahraných bodů na tomto kvízu bez doplňovacích otázek.
9.
Pořadí na kvízu
Konečné umístění týmu na tomto kvízu.
Zaznamenané odpovědi
| # | Otázka | Odpověď | Body | Výsledky |
|---|---|---|---|---|
| 1. | Jak se nazývá české statutární... | Teplice | 1 | |
| 2. | Expedice Tatra kolem světa, kt... | Írán | 1 | |
| 3. | Na začátku minulého týdne bylo... | Jaroslav Uhlíř | 1 | |
| 4. | Společnost RegioJet chystá pří... | Rijeka | 1 | |
| 5. | Fanoušci jednoho z fotbalových... | Benfica Lisabon | 1 | |
| 6. | Clint Eastwood oslavil posledn... | hrst, pár | 0 | |
| 7. | V souvislosti s Eastwoodem byc... | Sergio Leone, Ennio Morricone | 0 | |
| 8. | Který z těchto filmů Eastwood... | D | 1 | |
| 9. | Nechybělo mnoho a toto téma by... | C | 1 | |
| 10. | Jednou z nejznámějších písní v... | Blur | 0 |